« Retourner aux résultats de recherche
En finir naturellement avec les allergies saisonnières
| Auteur principal: | Loïc Ternisien |
|---|---|
| Support: | Livres |
| Langue: | Francais |
| Publié: |
2024 J'ai Lu Paris |
| Genre: |
Documentaire |
| Collection: |
J'ai lu |
| Sujets: | |
| Étiquettes: |
Ajouter
Pas de Tags !
|
| LEADER | 01051nam0a2200205 450 | ||
|---|---|---|---|
| 001 | 16845888 | ||
| 010 | |a 978-2-290-38853-2 |b br. |d 6,9 | ||
| 100 | |a 20231218d2024 u u0frey01 ba | ||
| 101 | 0 | |a fre | |
| 102 | |a FR | ||
| 200 | 0 | |a En finir naturellement avec les allergies saisonnières |f Loïc Ternisien | |
| 207 | 1 | |a | |
| 210 | |a Paris |b 27 rue Cassette. |c J'ai Lu |d 2024 | ||
| 215 | |a 1 vol. (186 p.) |c illustrations en noir et en couleur |d 18 x 11 cm | ||
| 225 | 1 | |a J'ai lu |i Bien-être |v 14037 | |
| 330 | |a Des conseils pratiques pour améliorer son hygiène de vie, renforcer son système immunitaire et son bien-être afin de se défaire des allergies saisonnières. L'auteur propose une initiation à la micronutrition, à l'herboristerie, à l'aromathérapie ainsi qu'à l'homéopathie grâce à des fiches remèdes et des recettes. Electre 2024 | ||
| 700 | 0 | |a Ternisien |b Loïc |4 70 | |
| 900 | |a Documentaire | ||
| 901 | |a Accessible au prêt | ||
| 995 | |a Bibliothèque |c Bibliothèque |f 00156011594439 |h 00156011594439 |k 616.97 TER |o p |q a |r az |e Bibliothèque | ||
